Lập trình phần mềm hệ thống

Saved in:
Bibliographic Details
Format: Book
Language:Undetermined
Published: Hà Nội Giao Thông Vận Tải 1999
Subjects:
Tags: Add Tag
No Tags, Be the first to tag this record!
Institutions: Trung tâm Học liệu Trường Đại học Cần Thơ
LEADER 00444nam a2200145Ia 4500
001 CTU_36112
008 210402s9999 xx 000 0 und d
082 |a 005.42 
082 |b L123 
245 0 |a Lập trình phần mềm hệ thống 
260 |a Hà Nội 
260 |b Giao Thông Vận Tải 
260 |c 1999 
650 |a systems programming ( computer science ) 
980 |a Trung tâm Học liệu Trường Đại học Cần Thơ